00751nam a22001697a 450000500170000000800410001704000090005810000290006724501440009626000720024030000150031250201000032772000310042772000450045872000390050372000390054220230512223535.0200130t xxu||||| |||| 00| 0 eng d cCSPC aBaal, Jenny S.,eauthor.00aE-learning in english for students with hearing impairmentblearning module/cJenny S. Baal, Peąfrancia E. Relano, Mark Joseph M. Teǫso aNabua, Camarines Sur :bCamarines Sur Polytechnic Colleges ;c2018. a153 leaves aUndergraduate Thesis (BSIT) - Information TechnologycCamarines Sur Polytechnic Colleges, 2002. aBenitez, Ian P.,eadviser. aSilla, Shiela Dona B.,epanelist, chair. aRamizares, Maricris L.,epanelist. aMedrano, Regino III B.,epanelist.